|
|
|
|
| LEADER |
00000nam0a2200000 4500 |
| 001 |
374595 |
| 005 |
20231101051231.0 |
| 010 |
|
|
|a 5020001333
|
| 035 |
|
|
|a (RuTPU)RU\TPU\retro\32029
|
| 035 |
|
|
|a RU\TPU\book\225944
|
| 090 |
|
|
|a 374595
|
| 100 |
|
|
|a 20221219d1990 k y0rusy50 ca
|
| 101 |
0 |
|
|a rus
|
| 102 |
|
|
|a RU
|
| 105 |
|
|
|a y z 001zy
|
| 200 |
1 |
|
|a Сверхпроводники во внешних полях: неравновесные явления
|f А. М. Гулян, Г. Ф. Жарков
|g Академия наук СССР (АН СССР), Физический институт им. П. Н. Лебедева (ФИАН) ; под ред. Г. Г. Григоряна
|
| 210 |
|
|
|a Москва
|c Наука
|d 1990
|
| 215 |
|
|
|a 296 с.
|
| 320 |
|
|
|a Библиогр. в конце гл.
|
| 610 |
1 |
|
|a сверхпроводники
|
| 610 |
1 |
|
|a неравновесные явления
|
| 610 |
1 |
|
|a сверхпроводимость
|
| 610 |
1 |
|
|a электроны
|
| 610 |
1 |
|
|a электромагнитное поле
|
| 610 |
1 |
|
|a электрическое поле
|
| 610 |
1 |
|
|a генерация
|
| 675 |
|
|
|a 538.94
|v 3
|
| 700 |
|
1 |
|a Гулян
|b А. М.
|g Армен Мамиконович
|
| 701 |
|
1 |
|a Жарков
|b Г. Ф.
|g Гелий Фролович
|
| 702 |
|
1 |
|a Григорян
|b Г. Г.
|4 340
|
| 712 |
0 |
2 |
|a Академия наук СССР (АН СССР)
|b Физический институт им. П. Н. Лебедева (ФИАН)
|c (Москва)
|2 stltpush
|3 (RuTPU)RU\TPU\col\13766
|
| 801 |
|
1 |
|a RU
|b 63413507
|c 20120121
|
| 801 |
|
2 |
|a RU
|b 63413507
|c 20221219
|g RCR
|
| 942 |
|
|
|c BK
|